000
00222nam a2200097Ia 4500
008
170619s9999 xx 000 0 und d
100
_a
Bedi- Suresh
245
0
_a
Business environment
260
_b
New Delhi Excel
260
_c
2006
546
_a
ENGLISH
999
_c
22235
_d
22235